Literature Haikus Quiz Stats

Quiz Updated Jul 25, 2013

Also try: Literary Grab Bag
Challenge
Share
Tweet
Embed
Score 0/20 Timer 07:00
3 Plays Today
Haiku Title % Correct
Creates life in lab/ Regrets the choices he made/ Monster seeks revengeFrankenstein
90.3%
Man talks to a skull/ Unveils murder through a play/ Everyone is deadHamlet
86.1%
Barnyard workers rise/ Leaders slowly hog power/ A utopia?Animal Farm
81.5%
An ambitious king/ Haunted by his guilt and ghosts/ Wife can't wash her handsMacbeth
80.2%
Rich in Long Island/ A mistress is run over/ Green light on the dockThe Great Gatsby
71.4%
A cryptologist/ An assassin on his heels/ Search for Holy GrailThe Da Vinci Code
66.4%
Confused angsty boy/ Wanders around in New York/ Noted for his hatThe Catcher in the Rye
66.3%
Boy floats on a raft/ Lessons about prejudice/ Duke and King are consThe Adventures of Huckleberry Finn
65.7%
Public scorn for her/ Secret agony for him/ Whose guilt is greater?The Scarlet Letter
64.2%
Daughters need husbands/ Girl elopes with unfit man/ Turn around the room?Pride and Prejudice
51.8%
Haiku Title % Correct
Man struggles at sea/ Back from war but not home yet/ Suitors after queenThe Odyssey
43.3%
Girl locked in red room/ Crazy woman in attic/ Blind but not to love Jane Eyre
39.4%
Entrenched caste system/ Loveless sex is all around/ Everyone on drugsBrave New World
26.9%
Two men by a tree/ Encounter a man on leash/ Last: They do not moveWaiting for Godot
23.2%
Naive youths leave home/ Generation off to war/ Boy dies in the endAll Quiet on the Western Front
22.4%
Girl sees a pot break/ Sisters lover goes to jail/ Never reuniteAtonement
21.3%
Dancing in the woods/ Allegory for the time/ Man crushed under rocksThe Crucible
17.1%
Two brothers fighting/ Sneaky sister buries one/ She hangs self with scarfAntigone
10.4%
Girl cries rape in cave/ Race relations uncovered/ Can they still be friends?A Passage to India
8.9%
She has three husbands/ Orgasm under pear tree/ Rabies from mad dog!Their Eyes Were Watching God
8%

You're not logged in!

Compare scores with friends on all Sporcle quizzes.
Join for Free
OR
Log In

You Might Also Like...

Show Comments

Extras

Top Quizzes Today


Score Distribution

Your Account Isn't Verified!

In order to create a playlist on Sporcle, you need to verify the email address you used during registration. Go to your Sporcle Settings to finish the process.

Report this User

Report this user for behavior that violates our Community Guidelines.

Details: